Sold for silver : (Record no. 117899)
[ view plain ]
| 000 -LEADER | |
|---|---|
| fixed length control field | 00564nam a2200181Ia 4500 |
| 008 - FIXED-LENGTH DATA ELEMENTS--GENERAL INFORMATION | |
| fixed length control field | 140609s9999 xx 000 0 und d |
| 020 ## - INTERNATIONAL STANDARD BOOK NUMBER | |
| International Standard Book Number | 9789810517281 |
| 050 ## - LIBRARY OF CONGRESS CALL NUMBER | |
| Classification number | D 805.J3 |
| Item number | .L628 2004 |
| 100 ## - MAIN ENTRY--PERSONAL NAME | |
| Personal name | Lim, Janet. |
| 245 ## - TITLE STATEMENT | |
| Title | Sold for silver : |
| Remainder of title | an autobiography of a girl soldinto slavery in Southeast Asia / |
| Statement of responsibility, etc | Janet Lim |
| 260 ## - PUBLICATION, DISTRIBUTION, ETC. (IMPRINT) | |
| Place of publication, distribution, etc | Singapore : |
| Name of publisher, distributor, etc | Monsoon Books, |
| Date of publication, distribution, etc | c2004. |
| 300 ## - PHYSICAL DESCRIPTION | |
| Extent | 240 p. ; |
| Dimensions | 20 cm. |
| 521 ## - TARGET AUDIENCE NOTE | |
| Target audience note | |
| 650 ## - SUBJECT ADDED ENTRY--TOPICAL TERM | |
| Topical term or geographic name as entry element | Japanese. |
| 650 ## - SUBJECT ADDED ENTRY--TOPICAL TERM | |
| Topical term or geographic name as entry element | World War, 1939-1945 |
| General subdivision | Prisoners and prisons. |
| 942 ## - ADDED ENTRY ELEMENTS (KOHA) | |
| Call number prefix | Foreign |
| Koha item type | Books |
| Withdrawn status | Lost status | Damaged status | Home library | Current library | Shelving location | Date acquired | Cost, normal purchase price | Total Checkouts | Full call number | Barcode | Date last seen | Date checked out | Price effective from | Koha item type |
|---|---|---|---|---|---|---|---|---|---|---|---|---|---|---|
| College Library | College Library | General Circulation Section | 06/09/2014 | 550.00 | 1 | D 805.J3 .L628 2004 | C18187 | 08/23/2019 | 08/20/2019 | 06/09/2014 | Books |